Statistics for Colorado Rockies: All-Star Selections

Click here to take the quiz!

General Stats

  • This quiz has been taken 22 times
  • The average score is 10 of 25

Answer Stats

Position Amount of Selections Player % Correct
1B5Todd Helton
100%
SS5Troy Tulowitzki
90%
3B3Nolan Arenado
85%
RF4Larry Walker
75%
OF3Carlos González
70%
OF4Dante Bichette
65%
CF2Charlie Blackmon
65%
1B2Andrés Galarraga
55%
3B2Vinny Castilla
55%
P1Ubaldo Jiménez
50%
2B2DJ LeMahieu
50%
P1Aaron Cook
40%
OF1Ellis Burks
35%
CF1Preston Wilson
25%
LF3Matt Holiday
25%
2B1Eric Young
20%
P1Mike Hampton
20%
P3Brian Fuentes
15%
P1Greg Holland
15%
RF1Michael Cuddyer
5%
RF1Brad Hawpe
5%
OF1Jeffrey Hammonds
0%
P1Jason Marquis
0%
P1Shawn Chacon
0%
3B1Jeff Cirillo
0%

Score Distribution

Percentile by Number Answered

Percent of People with Each Score

Your Score History

You have not taken this quiz